Online
Catalog

Realidad sociopolítica dominicana y reflexiones diversas / (Record no. 51295)

MARC details
000 -CABECERA
campo de control de longitud fija 01065nam a2200277 a 4500
003 - IDENTIFICADOR DEL NÚMERO DE CONTROL
campo de control DO-SdBNP
005 - FECHA Y HORA DE LA ÚLTIMA TRANSACCIÓN
campo de control 20250623111038.0
007 - CAMPO FIJO DE DESCRIPCIÓN FÍSICA--INFORMACIÓN GENERAL
campo de control de longitud fija ta
008 - DATOS DE LONGITUD FIJA--INFORMACIÓN GENERAL
campo de control de longitud fija 220201e2019 dr abd|er|||| 001 0dspa d
020 ## - NÚMERO INTERNACIONAL ESTÁNDAR DEL LIBRO
Número Internacional Estándar del Libro 9789945906783
040 ## - FUENTE DE LA CATALOGACIÓN
Centro catalogador/agencia de origen DO-SdBNP
Lengua de catalogación spa
Centro/agencia transcriptor BNPHU
082 #4 - NÚMERO DE LA CLASIFICACIÓN DECIMAL DEWEY
Número de edición 22
Número de documento/Ítem M425r
100 1# - ENTRADA PRINCIPAL--NOMBRE DE PERSONA
9 (RLIN) 74729
Nombre de persona Mateo, Víctor
245 10 - MENCIÓN DE TÍTULO
Título Realidad sociopolítica dominicana y reflexiones diversas /
Mención de responsabilidad, etc. Víctor Mateo; Prólogo, Reinaldo Pared Pérez
260 ## - PUBLICACIÓN, DISTRIBUCIÓN, ETC.
Lugar de publicación, distribución, etc. Santo Domingo :
Nombre del editor, distribuidor, etc. Océano Azul Ediciones,
Fecha de publicación, distribución, etc. 2019.
300 ## - DESCRIPCIÓN FÍSICA
Extensión 270 p. :
Otras características físicas il. graf., mapas ;
Dimensiones 26 cm.
500 ## - NOTA GENERAL
Nota general Incluye datos biográficos del autor en las solapas de las portadas.
590 ## - NOTA LOCAL (RLIN)
Nota local Inventariado 2022 / MF
650 #4 - PUNTO DE ACCESO ADICIONAL DE MATERIA--TÉRMINO DE MATERIA
9 (RLIN) 79592
Término de materia o nombre geográfico como elemento de entrada Políticas públicas
Subdivisión geográfica República Dominicana
650 #4 - PUNTO DE ACCESO ADICIONAL DE MATERIA--TÉRMINO DE MATERIA
9 (RLIN) 65467
Término de materia o nombre geográfico como elemento de entrada República Dominicana
Subdivisión general Política Social
Subdivisión cronológica 1961-
650 #4 - PUNTO DE ACCESO ADICIONAL DE MATERIA--TÉRMINO DE MATERIA
9 (RLIN) 19689
Término de materia o nombre geográfico como elemento de entrada República Dominicana
Subdivisión general Condiciones Sociales
-- Cambio Político
650 #4 - PUNTO DE ACCESO ADICIONAL DE MATERIA--TÉRMINO DE MATERIA
9 (RLIN) 43436
Término de materia o nombre geográfico como elemento de entrada Partidos Políticos
Subdivisión general Derecho y Legislación
700 ## - PUNTO DE ACCESO ADICIONAL--NOMBRE DE PERSONA
9 (RLIN) 50599
Nombre de persona Pared Pérez, Reinaldo
Término indicativo de función/relación pról.
910 ## - DATOS DE OPCIÓN DEL USUARIO (OCLC)
Datos de opción del usuario MFeliz
942 ## - ELEMENTOS DE PUNTO DE ACCESO ADICIONAL (KOHA)
Fuente del sistema de clasificación o colocación Dewey Decimal Classification
Tipo de ítem Koha Libro
Holdings
Estado de retiro Estado de pérdida Fuente del sistema de clasificación o colocación Restricciones de uso No para préstamo Código de colección Localización permanente Ubicación/localización actual Ubicación en estantería Fecha de adquisición Fuente de adquisición Total de préstamos Signatura topográfica completa Código de barras Fecha visto por última vez Precio válido a partir de Tipo de ítem Koha Número de copia
    Dewey Decimal Classification Préstamo en sala   Dominicana de Servicio Biblioteca Nacional Pedro Henríquez Ureña Dominicana Depósito 18.10.2019 Depósito legal / Editora Búho   M425r 2022-0460 01.02.2022 01.02.2022 Libro e.3
    Dewey Decimal Classification Excluido de préstamo   Dominicana de Servicio Biblioteca Nacional Pedro Henríquez Ureña Patrimonio Dominicano Depósito 18.10.2019 Depósito legal / Editora Búho   M425r 2022-0458 01.02.2022 01.02.2022 Libro  
    Dewey Decimal Classification Excluido de préstamo   Dominicana de Servicio Biblioteca Nacional Pedro Henríquez Ureña Patrimonio Dominicano Depósito 18.10.2019 Depósito legal / Editora Búho   M425r 2022-0459 01.02.2022 01.02.2022 Libro e.2

Powered by Koha